LIBRARY & INFORMATION CENTRE, KCAET, TAVANUR

ONLINE PUBLIC ACCESS CATALOGUE (OPAC)

Example in builders estimating / (Record no. 2068)

MARC details
000 -LEADER
fixed length control field 00394cam a2200157ua 4500
041 ## - LANGUAGE CODE
Language code of text/sound track or separate title eng
082 ## - DEWEY DECIMAL CLASSIFICATION NUMBER
Classification number 692.5
Item number BAI/EX
100 ## - MAIN ENTRY--AUTHOR NAME
Personal name Bailey, R.G .
245 00 - TITLE STATEMENT
Title Example in builders estimating /
250 ## - EDITION STATEMENT
Edition statement 1 /
260 ## - PUBLICATION, DISTRIBUTION, ETC. (IMPRINT)
Place of publication London :
Name of publisher Crosby Lovekwood and son ltd ,
Year of publication 1951.
300 ## - PHYSICAL DESCRIPTION
Number of Pages 32 ; .
942 ## - ADDED ENTRY ELEMENTS (KOHA)
Koha item type Books
Holdings
Withdrawn status Lost status Damaged status Home library Current library Date acquired Full call number Accession Number Koha item type
Withdrawn     KAUAET KAUAET 07/04/2012 692.5 3943 Books
free website counter